000 00787nam a22002417a 4500
999 _c371085
_d371085
001 84769
003 UA-OsUOA
005 20200407163407.0
007 ta
008 20120608b un ||||| |||| 00| 0 ukr d
020 _a5308016755
040 _aUA-OsUOA
_bukr
_cUA-OsUOA
_dUA-OsUOA
041 _aukr
080 _a94(477)
090 _a94(477)
_bЛ61
100 _aЛипинський В.
245 _aУкраїна на переломі (1657 - 1659)
_bзамітки до історії українського державного будівництва в XVII ст.: репринтне видання
260 _aК.
_bДніпро
_c1997
300 _a304 с.
650 7 _a9 Географія. Біографії. Історія
_2UDC
942 _cBK
_2udc
955 _a2